[Event "MNT-chT"]
[Site "Cetinje"]
[Date "2009.08.23"]
[Round "3.2"]
[White "Miovcic, Rade"]
[Black "Jakic, Vidan"]
[Result "1-0"]
[WhiteElo "2258"]
[BlackElo "2146"]
[PlyCount "91"]
[EventDate "2009.08.21"]
[EventType "team-tourn"]
[EventRounds "7"]
[EventCountry "MNE"]
[SourceTitle "CBM 131 Extra"]
[Source "ChessBase"]
[SourceDate "2009.09.03"]
[SourceVersion "2"]
[SourceVersionDate "2009.09.16"]
[SourceQuality "1"]

1. e4 d6 2. d4 Nf6 3. Nc3 g6 4. Nf3 Bg7 5. h3 c6 6. a4 0-0 7. Be3 Nbd7 8. Qd2 Qa5 9. Bd3 b5 10. 0-0 b4 11. Ne2 c5 12. c3 Bb7 13. cxb4 cxb4 14. Ng3 d5 15. e5 Ne4 16. Qe1 f5 17. Ne2 Nb6 18. Nd2 Nxd2 19. Bxd2 Nc4 20. Bxb4 Qd8 21. b3 Nb6 22. Nf4 Bc8 23. a5 g5 24. Nh5 Nd7 25. Qc1 f4 26. Qc6 Rb8 27. Qxd5+ e6 28. Qxe6+ Rf7 29. Bxh7+ Kxh7 30. Qxf7 Qg8 31. Qxg8+ Kxg8 32. Bd6 Ra8 33. Nxg7 Kxg7 34. Rfc1 Nf8 35. Rc7+ Kg8 36. Bxf8 Kxf8 37. d5 Bf5 38. Rac1 Rd8 39. R1c5 Rb8 40. Rc3 Rb5 41. R7c5 Rb4 42. f3 Rd4 43. e6 Ke7 44. Rc7+ Kf6 45. Rf7+ Kg6 46. Rxf5 1-0

[Event "MNT-chT 1st"]
[Site "Herceg Novi"]
[Date "2006.09.29"]
[Round "8"]
[White "Miovcic, Rade"]
[Black "Savic, Miomir"]
[Result "1/2-1/2"]
[WhiteElo "2265"]
[BlackElo "2221"]
[PlyCount "54"]
[EventDate "2006.09.22"]
[EventType "team-tourn"]
[EventRounds "11"]
[EventCountry "MNE"]
[SourceTitle "CBM 114 Extra"]
[Source "ChessBase"]
[SourceDate "2006.11.03"]
[SourceVersion "1"]
[SourceVersionDate "2006.11.03"]
[SourceQuality "1"]

1. e4 c5 2. Nc3 d6 3. g3 g6 4. Bg2 Bg7 5. Nge2 Nc6 6. 0-0 e5 7. d3 Nge7 8. Be3 0-0 9. f4 Nd4 10. fxe5 dxe5 11. Qd2 Be6 12. Bg5 f6 13. Be3 Qd7 14. Rf2 Rad8 15. b3 b6 16. Raf1 Rf7 17. Nd1 a5 18. Nec3 b5 19. a4 b4 20. Nb1 Qc6 21. Nb2 Nc8 22. Qc1 Nb6 23. Nd2 Bg4 24. Re1 Be6 25. Ref1 Bg4 26. Re1 Be6 27. Ref1 Bg4 1/2-1/2

[Event "MNT-chT 1st"]
[Site "Herceg Novi"]
[Date "2006.09.27"]
[Round "6"]
[White "Miovcic, Rade"]
[Black "Cetkovic, Miodrag"]
[Result "1-0"]
[WhiteElo "2265"]
[BlackElo "2260"]
[PlyCount "119"]
[EventDate "2006.09.22"]
[EventType "team-tourn"]
[EventRounds "11"]
[EventCountry "MNE"]
[SourceTitle "CBM 114 Extra"]
[Source "ChessBase"]
[SourceDate "2006.11.03"]
[SourceVersion "1"]
[SourceVersionDate "2006.11.03"]
[SourceQuality "1"]

1. e4 c5 2. Nc3 e6 3. Nf3 Nc6 4. d4 cxd4 5. Nxd4 Nf6 6. Ndb5 Bb4 7. a3 Bxc3+ 8. Nxc3 d5 9. exd5 exd5 10. Bd3 h6 11. 0-0 0-0 12. Bf4 Re8 13. Re1 Rxe1+ 14. Qxe1 Be6 15. h3 Rc8 16. Rd1 Qf8 17. Ne2 Nd7 18. c3 Nde5 19. Bxe5 Nxe5 20. Nd4 Nxd3 21. Rxd3 Qd6 22. Re3 Bd7 23. Qd2 a6 24. Rd3 Qe7 25. Nc2 Re8 26. Rxd5 Bc6 27. Rd4 Qf6 28. Ne3 Qg5 29. Rg4 Rd8 30. Rd4 Re8 31. c4 Qe7 32. b4 Qf6 33. Qd3 Qg5 34. Rg4 Qf6 35. Rd4 Qg5 36. Qe2 Qf6 37. Qd3 Qg5 38. Rg4 Qf6 39. Qd4 Qxd4 40. Rxd4 g6 41. Kf1 Kf8 42. Nd1 g5 43. Nc3 Rc8 44. a4 Be8 45. Ke2 Bc6 46. f3 Re8+ 47. Kd2 Rc8 48. b5 axb5 49. axb5 Be8 50. Nd5 Kg7 51. Nb6 Rc5 52. Rd5 Rxd5+ 53. Nxd5 f5 54. Kc3 Bd7 55. Kd4 Kf7 56. Ke5 h5 57. Kd6 Be6 58. Kc7 h4 59. Kxb7 g4 60. f4 1-0

[Event "MNT-chT 1st"]
[Site "Herceg Novi"]
[Date "2006.09.22"]
[Round "1"]
[White "Cvorovic, Marto"]
[Black "Miovcic, Rade"]
[Result "1/2-1/2"]
[WhiteElo "2231"]
[BlackElo "2265"]
[PlyCount "101"]
[EventDate "2006.09.22"]
[EventType "team-tourn"]
[EventRounds "11"]
[EventCountry "MNE"]
[SourceTitle "CBM 114 Extra"]
[Source "ChessBase"]
[SourceDate "2006.11.03"]
[SourceVersion "1"]
[SourceVersionDate "2006.11.03"]
[SourceQuality "1"]

1. e4 c5 2. Nf3 d5 3. exd5 Qxd5 4. Nc3 Qd8 5. d4 e6 6. Bb5+ Bd7 7. Qe2 cxd4 8. Nxd4 Bb4 9. 0-0 Nf6 10. Qf3 Qc8 11. Bd2 0-0 12. a3 Be7 13. Bd3 Nc6 14. Nxc6 Bxc6 15. Qg3 Kh8 16. Rfe1 Rd8 17. Qh4 Qd7 18. Bg5 h6 19. Bxh6 Kg8 20. Bg5 Qd4 21. Qh3 g6 22. Rad1 Bc5 23. Be3 Qe5 24. Qh4 Bxe3 25. Rxe3 Qd4 26. Qg5 Kg7 27. h3 Nh7 28. Qg3 Qf6 29. Rde1 Rd7 30. Re5 Rad8 31. h4 Rg8 32. h5 g5 33. Be4 Kh6 34. Bxc6 bxc6 35. Qe3 Kxh5 36. Rc5 Rc8 37. Qe4 Qg6 38. Qf3+ Kh6 39. Ne4 Rd5 40. c4 Rd4 41. Qe3 Rcd8 42. Ra5 Qh5 43. Rxa7 Rd1 44. Nc3 Rxe1+ 45. Qxe1 Nf6 46. Qe3 Kg7 47. Qe5 Rh8 48. f3 Qh1+ 49. Kf2 Qh4+ 50. Ke2 Qxc4+ 51. Kf2 1/2-1/2